Dónde se detiene el sol /
El descubrimiento de América: indicios de intercambio cultural del viejo y el nuevo mundo antes de 1492. Los templos precolombinos y sus correspondencias astronómicas. Observatorio solar de Machu Pichu.
Guardado en:
| Formato: | |
|---|---|
| Series: | Astronomía sin telescopio
|
| Materias: | |
| Etiquetas: |
Agregar Etiqueta
Sin Etiquetas, Sea el primero en etiquetar este registro!
|
| LEADER | 00957ngm a22002535g 4500 | ||
|---|---|---|---|
| 001 | CEM.cems022080 | ||
| 008 | 130507b1994##################0###0#####d | ||
| 005 | 20241003160447.0 | ||
| 245 | 0 | 0 | |a Dónde se detiene el sol / |
| 300 | |a 26'. | ||
| 490 | 0 | |a Astronomía sin telescopio | |
| 500 | |a En soporte VHS, consultar en ventanilla. | ||
| 538 | |a Soporte: VHS - Norma: Pal N - Color - Grabación DRD 1994 - Hitachi=3340 | ||
| 520 | |a El descubrimiento de América: indicios de intercambio cultural del viejo y el nuevo mundo antes de 1492. Los templos precolombinos y sus correspondencias astronómicas. Observatorio solar de Machu Pichu. | ||
| 082 | 5 | 2 | |/ JUT |
| 653 | |a ASTRONOMIA | ||
| 653 | |a VIEJO Y NUEVO MUNDO | ||
| 653 | |a SOL | ||
| 653 | |a DESCUBRIMIENTOS | ||
| 653 | |a AMERICA | ||
| 653 | |a TEMPLOS PRECOLOMBINOS | ||
| 653 | |a MACHU PICHU | ||
| 653 | |a NIVEL SECUNDARIO | ||
| 859 | |a CEMS |b BIB. CEMS - Depto. Recursos Didacticos |h 520 |i JUT |k DRD |p 723.12 |t Ej.1 | ||
